Strategic management :concepts and cases / (Record no. 7692)

MARC details
000 -LEADER
fixed length control field 00990cam a22003015i 4500
003 - CONTROL NUMBER IDENTIFIER
control field EG-ScBUE
005 - DATE AND TIME OF LATEST TRANSACTION
control field 20200831133305.0
008 - FIXED-LENGTH DATA ELEMENTS--GENERAL INFORMATION
fixed length control field 150812s2007 njua|||frb||| 00| 0 eng d
020 ## - INTERNATIONAL STANDARD BOOK NUMBER
International Standard Book Number 0131869493
020 ## - INTERNATIONAL STANDARD BOOK NUMBER
International Standard Book Number 9780131869493
040 ## - CATALOGING SOURCE
Original cataloging agency EG-ScBUE
Language of cataloging eng
Description conventions rda
Transcribing agency EG-ScBUE
Modifying agency EG-ScBUE
082 04 - DEWEY DECIMAL CLASSIFICATION NUMBER
Classification number 658.4012
Item number DAV
Edition number 22
100 1# - MAIN ENTRY--PERSONAL NAME
Personal name David, Fred R.,
Relator term author
9 (RLIN) 22473
245 10 - TITLE STATEMENT
Title Strategic management :concepts and cases /
Statement of responsibility, etc Fred R. David.
250 ## - EDITION STATEMENT
Edition statement Eleventh edition.
264 #1 - PUBLICATION, DISTRIBUTION, ETC. (IMPRINT)
Place of publication, distribution, etc Upper Saddle River :
Name of publisher, distributor, etc Pearson / Prentice Hall,
Date of publication, distribution, etc 2007.
300 ## - PHYSICAL DESCRIPTION
Extent xxxi; 393 pages :
Other physical details illustrations ;
Dimensions 29 cm
336 ## - CONTENT TYPE
Content type term text
Content type code txt
Source rdacontent
337 ## - MEDIA TYPE
Media type term unmediated
Media type code n
Source rdamedia
338 ## - CARRIER TYPE
Carrier type term volume
Carrier type code nc
Source rdacarrier
504 ## - BIBLIOGRAPHY, ETC. NOTE
Bibliography, etc Includes bibliographical references.
590 ## - LOCAL NOTE (RLIN)
Local note doaa mohamed
650 #7 - SUBJECT ADDED ENTRY--TOPICAL TERM
Topical term or geographic name as entry element Strategic planning.
Source of heading or term BUEsh
650 #7 - SUBJECT ADDED ENTRY--TOPICAL TERM
Topical term or geographic name as entry element Strategic planning
Form subdivision Case studies.
Source of heading or term BUEsh
651 ## - SUBJECT ADDED ENTRY--GEOGRAPHIC NAME
Source of heading or term BUEsh
653 ## - INDEX TERM--UNCONTROLLED
Resource For college Communication and mass media
Arrived date list August2015
-- August2020
942 ## - ADDED ENTRY ELEMENTS (KOHA)
Koha item type Book - Borrowing
Source of classification or shelving scheme Dewey Decimal Classification
Holdings
Withdrawn status Lost status Source of classification or shelving scheme Damaged status Not for loan Home library Current library Shelving location Date acquired Source of acquisition Total Checkouts Total Renewals Full call number Barcode Date last seen Date checked out Koha item type Materials specified (bound volume or other part) Collection code Price effective from
    Dewey Decimal Classification     Central Library Central Library First floor 04/02/2008 Purchase 11 34 658.4012 DAV 000009084 15/07/2025 10/03/2022 Book - Borrowing      
  Lost Dewey Decimal Classification     Central Library Central Library First floor 04/02/2008 Purchase 2   658.4012 DAV 000009082 09/04/2008   Book - Borrowing Lost In Inventory_2005-2015/8/22    
    Dewey Decimal Classification     Central Library Central Library First floor 04/02/2008 Purchase 2   658.4012 DAV 000009083 15/07/2025 28/03/2012 NB - Book (Non borrowing)      
    Dewey Decimal Classification     Central Library Central Library First floor 29/07/2009   11 33 658.4012 DAV 000010606 15/07/2025 29/09/2018 Book - Borrowing     29/07/2009
    Dewey Decimal Classification     Central Library Central Library First floor 31/08/2020 Purchase 1 1 658.4012 DAV 000049601 15/07/2025 10/03/2022 Book - Borrowing   unknown 31/08/2020